|
|
|
|
| LEADER |
00841nab a2200241 i 4500 |
| 001 |
misc61897 |
| 005 |
20230120112520.0 |
| 008 |
221118s1965 hu o 0|| fre d |
| 022 |
|
|
|a 0324-1653
|
| 040 |
|
|
|a SZTE Miscellanea Repozitórium
|b hun
|
| 041 |
|
|
|a fre
|
| 100 |
1 |
|
|a Mollova Mefküre
|
| 245 |
1 |
0 |
|a Une serieuse étude sur les lexemes turks dans la langue roumaine
|h [elektronikus dokumentum] /
|c Mollova Mefküre
|
| 260 |
|
|
|c 1965
|
| 300 |
|
|
|a 101-114
|c 24 cm
|
| 300 |
|
|
|a [14] p.
|c 24 cm
|
| 490 |
0 |
|
|a Balkansko Ezikoznanie = Linguistique Balkanique
|
| 561 |
|
|
|a Németh Gyula hagyaték
|
| 591 |
|
|
|a LOA 2461; NOA 3782
|
| 650 |
|
4 |
|a Bölcsészettudományok
|
| 650 |
|
4 |
|a Nyelvek és irodalom
|
| 695 |
|
|
|a Román nyelv - török jövevényszavak
|
| 856 |
4 |
0 |
|u http://misc.bibl.u-szeged.hu/61897/1/3782_noa_m76.pdf
|z Dokumentum-elérés
|